000 00413nam a2200181Ia 4500
005 20250423100614.0
008 250422s9999 xx 000 0 und d
020 _a978-36225-3-6
050 _aKP 142 .Y2/
100 _aYakubu,John Ademola DR.
245 0 _aPress Law in Nigeria
260 _aIbadan
260 _bDemyaxs press
260 _c2003
300 _a109 p
650 _apress law
942 _cBK
999 _c33807
_d33807